000 00313nam a2200121Ia 4500
008 190216s9999||||xx |||||||||||||| ||und||
100 _aSaxena
245 0 _aGeography For Civil Services Preliminary Examination
260 _bYoung Man & Co
_c1985
300 _a183p
650 _aCivil Service Exam
942 _cREF
999 _c35569
_d35569